[Event "7th EuropCh Men"]
[Site "Kusadasi / Turkey"]
[Date "2006.04.09"]
[Round "6"]
[White "Manca, Federico"]
[Black "Kurnosov, Igor"]
[Result "0-1"]
[WhiteElo "2417"]
[BlackElo "2526"]
[PlyCount "60"]
[EventDate "2006.04.04"]
[EventRounds "11"]
[EventCountry "AUT"]

1. e4 e5 2. Nf3 Nc6 3. Bb5 Nf6 4. O-O Nxe4 5. d4 Nd6 6. Bxc6 dxc6 7. dxe5 Nf5
8. Qxd8+ Kxd8 9. Nc3 Bd7 10. b3 Kc8 11. Bb2 h5 12. Rad1 Be7 13. Ne4 a5 14. a4
b5 15. Nfg5 Be8 16. Rd3 bxa4 17. bxa4 c5 18. Ra1 Rh6 19. Rf3 Rb6 20. Bc3 Nd4
21. Bxd4 cxd4 22. h4 f6 23. exf6 gxf6 24. Nh7 Raa6 25. Rg3 f5 26. Neg5 Bd6 27.
Rf3 Bxa4 28. Rxf5 Bxc2 29. Rf7 a4 30. Nf6 a3 0-1

[Event "7th EuropCh Men"]
[Site "Kusadasi / Turkey"]
[Date "2006.04.09"]
[Round "6"]
[White "Van Den Doel, Erik"]
[Black "Kosintseva, Tatiana"]
[Result "1-0"]
[WhiteElo "2579"]
[BlackElo "2489"]
[PlyCount "72"]
[EventDate "2006.04.04"]
[EventRounds "11"]
[EventCountry "AUT"]

1. e4 c5 2. Nf3 Nc6 3. Bb5 g6 4. O-O Bg7 5. Re1 Nf6 6. e5 Nd5 7. Nc3 Nc7 8.
Bxc6 dxc6 9. Ne4 Ne6 10. d3 O-O 11. Be3 b6 12. Qd2 f5 13. exf6 exf6 14. Bh6 a5
15. Bxg7 Kxg7 16. Ng3 Ra7 17. Re4 Nd4 18. Nxd4 cxd4 19. Rae1 c5 20. Ne2 Qd5 21.
b3 g5 22. Ng3 Raf7 23. Qe2 Bb7 24. f3 a4 25. Re6 Qd8 26. Nf5+ Kh8 27. Re8 Rxe8
28. Qxe8+ Rf8 29. Qh5 Bc8 30. Ne7 Bd7 31. Ng6+ Kg7 32. Nxf8 Qxf8 33. h4 h6 34.
hxg5 hxg5 35. Qh2 Kg6 36. Qc7 Qf7 1-0

[Event "7th EuropCh Men"]
[Site "Kusadasi / Turkey"]
[Date "2006.04.09"]
[Round "6"]
[White "Lopez Martinez, Josep Manuel"]
[Black "Petrosian, Tigran"]
[Result "0-1"]
[WhiteElo "2481"]
[BlackElo "2571"]
[PlyCount "194"]
[EventDate "2006.04.04"]
[EventRounds "11"]
[EventCountry "AUT"]

1. e4 c5 2. Nf3 d6 3. d4 cxd4 4. Nxd4 Nf6 5. Nc3 a6 6. g3 e5 7. Nb3 Be7 8. Bg2
O-O 9. O-O Nbd7 10. a4 b6 11. Qe2 Bb7 12. Rd1 Rc8 13. Nd2 Qc7 14. Nf1 Nc5 15.
Bg5 Ne6 16. Be3 Rfe8 17. h3 Bf8 18. Rac1 g6 19. Qd2 Nc5 20. Bxc5 Qxc5 21. Ne3
Bh6 22. Kh2 Red8 23. Qd3 Bxe3 24. Qxe3 Qxe3 25. fxe3 Rc4 26. Bf1 Rc7 27. Nd5
Bxd5 28. exd5 a5 29. Bb5 Rc5 30. Bc6 Kg7 31. c3 Rc8 32. c4 Ne4 33. Rd3 Rb8 34.
Kg2 f5 35. Rc2 Kf6 36. Rd1 h5 37. Rf1 Ke7 38. b3 Rh8 39. Rb1 Kd8 40. Rf1 Nf6
41. Re2 Ke7 42. Ref2 Rf8 43. Rb2 h4 44. g4 Ne4 45. gxf5 gxf5 46. Kh2 Ng3 47.
Rg1 Rg8 48. Rf2 Rg7 49. Rf3 Kd8 50. Rf2 Kc7 51. Rf3 Kc8 52. Rf2 Kb8 53. Rf3 Kc7
54. Rf2 Rxc6 55. dxc6 Kxc6 56. Rd2 Rg6 57. Rd5 Rg5 58. Rdd1 Rg7 59. Rg2 Rg6 60.
Rgg1 Kd7 61. Rd5 Kc7 62. Rd3 Rg7 63. Rd2 Kd7 64. Rd5 Rg6 65. Rd3 Ke6 66. Rd5
Kd7 67. Rd3 Kc6 68. Rd5 Rg8 69. Rdd1 Rg7 70. Rg2 Rg5 71. Rgg1 Kd7 72. Rg2 Kc6
73. Rgg1 Rg6 74. Rd5 Rg8 75. Rdd1 e4 76. Rg2 f4 77. exf4 e3 78. Re1 Kc5 79. Rd1
Kb4 80. f5 Kxb3 81. f6 e2 82. Re1 Rf8 83. Rf2 Kxc4 84. Rf3 d5 85. Rc1+ Kd4 86.
Kg2 Ke4 87. Re1 d4 88. Rxg3 hxg3 89. Rxe2+ Kd5 90. Kxg3 Rxf6 91. Re8 Kc4 92.
Rd8 d3 93. h4 Kc3 94. h5 Rc6 95. Kf3 d2 96. h6 Rxh6 97. Rc8+ Kd3 0-1

[Event "7th EuropCh Men"]
[Site "Kusadasi / Turkey"]
[Date "2006.04.09"]
[Round "6"]
[White "Kosintseva, Nadezhda"]
[Black "Erenburg, Sergey"]
[Result "0-1"]
[WhiteElo "2469"]
[BlackElo "2554"]
[PlyCount "56"]
[EventDate "2006.04.04"]
[EventRounds "11"]
[EventCountry "AUT"]

1. e4 c6 2. d4 d5 3. e5 Bf5 4. Nd2 e6 5. Nb3 c5 6. dxc5 Bxc5 7. Nxc5 Qa5+ 8. c3
Qxc5 9. Nf3 Ne7 10. Be2 O-O 11. O-O Qc7 12. Bf4 Nbc6 13. Bg3 Bg4 14. Nh4 Bxe2
15. Qxe2 Rad8 16. Rad1 Qa5 17. b4 Qa4 18. b5 Na5 19. Rd4 Nc4 20. Rb1 a6 21.
bxa6 bxa6 22. h3 Rb8 23. Rxb8 Rxb8 24. Kh2 Qa3 25. Rd3 Qc1 26. Qg4 Nd2 27. Rxd2
Qxd2 28. Bf4 Qxf2 0-1

[Event "7th EuropCh Men"]
[Site "Kusadasi / Turkey"]
[Date "2006.04.09"]
[Round "6"]
[White "Kovacevic, Blazimir"]
[Black "Godena, Michele"]
[Result "1-0"]
[WhiteElo "2468"]
[BlackElo "2537"]
[PlyCount "59"]
[EventDate "2006.04.04"]
[EventRounds "11"]
[EventCountry "AUT"]

1. f4 d6 2. Nf3 Bg4 3. e4 e5 4. d3 Nc6 5. Be2 Nf6 6. O-O g6 7. Nc3 Bg7 8. Qe1
h6 9. Kh1 Qd7 10. Rb1 Be6 11. a3 O-O-O 12. Bd1 exf4 13. Bxf4 Nh5 14. Bd2 Rde8
15. b4 Kb8 16. Qf2 Ref8 17. b5 Nd8 18. Nd4 f5 19. exf5 Bxd4 20. Qxd4 Bxf5 21.
Bf3 Nf6 22. Be3 b6 23. Nd5 Qe6 24. Bxh6 Rf7 25. Bg5 Nd7 26. Bxd8 Rxd8 27. Nb4
Ne5 28. Bd5 Qf6 29. Bxf7 Qxf7 30. Rbe1 1-0

[Event "7th EuropCh Men"]
[Site "Kusadasi / Turkey"]
[Date "2006.04.09"]
[Round "6"]
[White "Guliev, Logman"]
[Black "Jankovic, Alojzije"]
[Result "0-1"]
[WhiteElo "2384"]
[BlackElo "2516"]
[PlyCount "146"]
[EventDate "2006.04.04"]
[EventRounds "11"]
[EventCountry "AUT"]

1. e4 c5 2. Nf3 Nc6 3. d4 cxd4 4. Nxd4 Nf6 5. Nc3 d6 6. Bg5 e6 7. Qd2 a6 8.
O-O-O Bd7 9. f3 Be7 10. h4 h6 11. Be3 h5 12. Bg5 Ne5 13. Kb1 b5 14. Bd3 b4 15.
Nce2 Qb6 16. Rhe1 a5 17. Be3 Qb7 18. Ng3 a4 19. Bg5 a3 20. b3 Nxd3 21. cxd3 g6
22. f4 e5 23. Nc2 Rc8 24. d4 Bg4 25. Rc1 O-O 26. fxe5 dxe5 27. dxe5 Nh7 28. Ne3
Nxg5 29. Nxg4 hxg4 30. hxg5 Rcd8 31. Qf4 Qd7 32. Rc2 Qd3 33. Qxg4 Rc8 34. Rec1
Rc5 35. Qe2 Qxe2 36. Nxe2 Rxe5 37. Rc4 Rxg5 38. g3 Rd8 39. Rc8 Rxc8 40. Rxc8+
Kg7 41. Kc2 Bd6 42. Rc4 Rh5 43. Rd4 Rh2 44. Kd3 Be7 45. Rc4 Kf6 46. Rc6+ Kg7
47. Rc4 Rf2 48. Ke3 Rf1 49. Nd4 Re1+ 50. Kf3 Ra1 51. Rc2 Bf6 52. Nc6 Bc3 53. e5
Kf8 54. Ke4 Rd1 55. Re2 Ke8 56. Na5 Ke7 57. Nc4 Rd4+ 58. Kf3 Rxc4 59. bxc4 b3
60. axb3 Bb2 61. Ke4 a2 62. Re1 a1=Q 63. Rxa1 Bxa1 64. Kd5 Bc3 65. c5 Kd7 66.
g4 g5 67. e6+ fxe6+ 68. Kc4 Be1 69. b4 Kc7 70. b5 Bf2 71. Kb4 e5 72. Kc4 e4 73.
c6 Bb6 0-1

[Event "7th EuropCh Men"]
[Site "Kusadasi / Turkey"]
[Date "2006.04.09"]
[Round "6"]
[White "Vehi Bach, Victor"]
[Black "Perez Candelario, Manuel"]
[Result "1/2-1/2"]
[WhiteElo "2335"]
[BlackElo "2511"]
[PlyCount "50"]
[EventDate "2006.04.04"]
[EventRounds "11"]
[EventCountry "AUT"]

1. e4 c6 2. d4 d5 3. e5 Bf5 4. Nf3 e6 5. a3 Nd7 6. Be2 Bg6 7. O-O Nh6 8. Nbd2
Be7 9. b3 O-O 10. c4 f6 11. Bb2 fxe5 12. Nxe5 Nxe5 13. dxe5 Qb6 14. cxd5 exd5
15. Nf3 Be4 16. Nd2 Bg6 17. Nf3 Rad8 18. b4 a5 19. Bd4 Qc7 20. Qb3 axb4 21.
axb4 Nf5 22. Bc3 Kh8 23. Qb2 Bh5 24. Rfe1 Qb6 25. Rab1 Bxf3 1/2-1/2

[Event "7th EuropCh Men"]
[Site "Kusadasi / Turkey"]
[Date "2006.04.09"]
[Round "6"]
[White "Iskusnyh, Sergei"]
[Black "Safarli, Eltaj"]
[Result "1/2-1/2"]
[WhiteElo "2510"]
[BlackElo "2417"]
[PlyCount "86"]
[EventDate "2006.04.04"]
[EventRounds "11"]
[EventCountry "AUT"]

1. d4 Nf6 2. c4 e6 3. Nf3 b6 4. g3 Ba6 5. b3 Bb7 6. Bg2 Bb4+ 7. Bd2 a5 8. O-O
O-O 9. Qc2 d6 10. Rd1 Nbd7 11. Nc3 Bxc3 12. Bxc3 Be4 13. Qc1 c6 14. Qf4 Qe7 15.
Rac1 h6 16. Bb2 a4 17. b4 a3 18. Bc3 Rfc8 19. h4 d5 20. c5 b5 21. Bh3 Re8 22.
Ne5 Nxe5 23. dxe5 Nd7 24. f3 Bf5 25. Bxf5 exf5 26. Qxf5 Nxe5 27. Bxe5 Qxe5 28.
Qxe5 Rxe5 29. Kf2 Rae8 30. Rc2 Re3 31. h5 f5 32. Rd4 Kf7 33. Rf4 Kf6 34. g4
R3e5 35. e3 g5 36. hxg6 Rxe3 37. Rxf5+ Kxg6 38. Rf8 R8e6 39. Rg8+ Kf7 40. Rc8
d4 41. Rd2 Rf6 42. Rxd4 Rfxf3+ 43. Kg2 Rg3+ 1/2-1/2

[Event "7th EuropCh Men"]
[Site "Kusadasi / Turkey"]
[Date "2006.04.09"]
[Round "6"]
[White "Logothetis, Sotirios"]
[Black "Stevic, Hrvoje"]
[Result "0-1"]
[WhiteElo "2298"]
[BlackElo "2502"]
[PlyCount "64"]
[EventDate "2006.04.04"]
[EventRounds "11"]
[EventCountry "AUT"]

1. d4 d5 2. c4 dxc4 3. Nf3 Nf6 4. e3 Bg4 5. Bxc4 e6 6. h3 Bh5 7. Nc3 Nc6 8. O-O
Bd6 9. e4 Bxf3 10. gxf3 Nxd4 11. f4 Bc5 12. Be3 a6 13. e5 Ng8 14. Ne4 Ba7 15.
Qg4 Kf8 16. Ng5 Nh6 17. Qg2 Qc8 18. Bxd4 Bxd4 19. Rfd1 c5 20. Bd3 g6 21. Rac1
Kg7 22. Be4 Qd8 23. b4 Qe7 24. bxc5 Bxc5 25. Bxb7 Rab8 26. Qc6 Bxf2+ 27. Kxf2
Rxb7 28. Rc2 Rhb8 29. Qd6 Nf5 30. Qxa6 Rb4 31. Rc4 Rxc4 32. Qxc4 Qa7+ 0-1

[Event "7th EuropCh Men"]
[Site "Kusadasi / Turkey"]
[Date "2006.04.09"]
[Round "6"]
[White "Delchev, Aleksander"]
[Black "Vuilleumier, Alex"]
[Result "1-0"]
[WhiteElo "2640"]
[BlackElo "2354"]
[PlyCount "69"]
[EventDate "2006.04.04"]
[EventRounds "11"]
[EventCountry "AUT"]

1. Nf3 c5 2. c4 Nc6 3. Nc3 g6 4. e3 Bg7 5. d4 d6 6. Be2 Bg4 7. O-O Nh6 8. d5
Na5 9. Bd2 O-O 10. b3 e5 11. dxe6 Bxe6 12. Qc2 Nc6 13. Rad1 Nb4 14. Qc1 Nf5 15.
a3 Nc6 16. Qc2 Nh4 17. Ne1 g5 18. g3 Ng6 19. Ng2 g4 20. f4 gxf3 21. Bxf3 Qg5
22. Bc1 Rad8 23. Kh1 Nge5 24. Bd5 Bg4 25. Rd2 Bh5 26. Nf4 Ng4 27. Rg2 Rde8 28.
Ne4 Qh6 29. Nxh5 Qxh5 30. Nxd6 Rxe3 31. Nxf7 Nd4 32. Qd1 Rxg3 33. Nh6+ Kh8 34.
Rxf8+ Bxf8 35. Nxg4 1-0

[Event "7th EuropCh Men"]
[Site "Kusadasi / Turkey"]
[Date "2006.04.09"]
[Round "6"]
[White "Simeonidis, Ioannis"]
[Black "Rogic, Davor"]
[Result "0-1"]
[WhiteElo "2307"]
[BlackElo "2540"]
[PlyCount "52"]
[EventDate "2006.04.04"]
[EventRounds "11"]
[EventCountry "AUT"]

1. e4 c5 2. Nf3 e6 3. d4 cxd4 4. Nxd4 Nf6 5. Nc3 d6 6. f4 Qb6 7. Be3 a6 8. Qd2
Qc7 9. O-O-O Nbd7 10. g4 Nxg4 11. Bg1 Ngf6 12. Bg2 Be7 13. h4 Nb6 14. e5 dxe5
15. fxe5 Nfd7 16. Rh3 Nc4 17. Qe2 Ncxe5 18. Bh2 O-O 19. Re1 Bd6 20. Kb1 Nc4 21.
Nxe6 fxe6 22. Qxe6+ Kh8 23. Nd5 Qc5 24. Rf3 Nf6 25. Bxd6 Qb5 26. Rb3 Nd2+ 0-1

[Event "7th EuropCh Men"]
[Site "Kusadasi / Turkey"]
[Date "2006.04.09"]
[Round "6"]
[White "Makoli, Perparim"]
[Black "Saric, Ante"]
[Result "0-1"]
[WhiteElo "2251"]
[BlackElo "2474"]
[PlyCount "96"]
[EventDate "2006.04.04"]
[EventRounds "11"]
[EventCountry "AUT"]

1. e4 e5 2. Nf3 Nf6 3. Nxe5 d6 4. Nf3 Nxe4 5. Nc3 Nxc3 6. dxc3 Be7 7. Bf4 Nc6
8. Qd2 Be6 9. O-O-O Qd7 10. Kb1 a6 11. Bd3 O-O-O 12. h3 Bf6 13. Bg5 Bxg5 14.
Qxg5 f6 15. Qf4 Ne5 16. Nd4 Nxd3 17. cxd3 Rde8 18. Nc2 Qf7 19. b3 Qg6 20. Ne3
Bd7 21. Rhe1 Re5 22. Kc2 Rhe8 23. g4 h5 24. Rg1 Qf7 25. Nc4 R5e7 26. Qd4 Kb8
27. Ne3 g5 28. Rg3 Re5 29. f4 h4 30. Rf3 Bc6 31. fxe5 Bxf3 32. Rf1 fxe5 33. Qe4
Rf8 34. Qf5 Qe7 35. Qg6 e4 36. d4 Ka7 37. Kd2 d5 38. b4 Qd7 39. Qxg5 Qb5 40.
Kc2 Qd3+ 41. Kb2 Be2 42. Rc1 c6 43. a4 Rf3 44. Nf5 Bd1 45. Nd6 Rf8 46. Qe7 Qd2+
47. Kb1 Rb8 48. Nf5 Bb3 0-1

[Event "7th EuropCh Men"]
[Site "Kusadasi / Turkey"]
[Date "2006.04.09"]
[Round "6"]
[White "Atakisi, Umut"]
[Black "Can, Emre"]
[Result "1-0"]
[WhiteElo "2429"]
[BlackElo "2277"]
[PlyCount "149"]
[EventDate "2006.04.04"]
[EventRounds "11"]
[EventCountry "AUT"]

1. Nf3 Nf6 2. c4 e6 3. d4 d5 4. Nc3 Nbd7 5. cxd5 exd5 6. Bf4 c6 7. h3 Nb6 8.
Qc2 Bd6 9. Bxd6 Qxd6 10. e3 Be6 11. Bd3 Nbd7 12. O-O O-O 13. Rfc1 Rfe8 14. Rab1
Rac8 15. b4 a6 16. a4 h6 17. Nd2 Nf8 18. Ne2 N8h7 19. Nf3 Ne4 20. Nf4 Bf5 21.
Ne5 f6 22. Neg6 Qd7 23. Nh4 g5 24. Nxf5 Qxf5 25. g4 Qd7 26. Nh5 f5 27. f3 Nd6
28. Re1 Rf8 29. e4 dxe4 30. fxe4 fxe4 31. Bxe4 Nxe4 32. Qxe4 Rce8 33. Qg6+ Kh8
34. d5 cxd5 35. Qxh6 Rxe1+ 36. Rxe1 Qf7 37. Qb6 Kg8 38. Qd4 Qd7 39. Re5 Qf7 40.
Rf5 Qe7 41. Qxd5+ Kh8 42. Qd4+ Kg8 43. Qd5+ Kh8 44. Qe5+ Qxe5 45. Rxe5 Rf7 46.
b5 axb5 47. axb5 Kg8 48. Kg2 Rc7 49. Kf3 Rc3+ 50. Ke4 Kf7 51. Kd5 Rxh3 52. Kd6
Rd3+ 53. Rd5 Rxd5+ 54. Kxd5 Ke7 55. Ke5 b6 56. Ng3 Nf8 57. Nf5+ Kd7 58. Nd4 Ke7
59. Nc6+ Kd7 60. Kd5 Nh7 61. Ne5+ Ke7 62. Nc6+ Kd7 63. Ke5 Nf8 64. Nd4 Ke7 65.
Nf3 Ne6 66. Kd5 Kf7 67. Ne5+ Ke7 68. Kc6 Nd4+ 69. Kxb6 Ke6 70. Nc6 Nb3 71. Na5
Nd4 72. Nc6 Nb3 73. Kc7 Kd5 74. b6 Ke4 75. Kd6 1-0

[Event "7th EuropCh Men"]
[Site "Kusadasi / Turkey"]
[Date "2006.04.09"]
[Round "6"]
[White "Yeke, Serkan"]
[Black "Saric, Ivan"]
[Result "0-1"]
[WhiteElo "2255"]
[BlackElo "2393"]
[PlyCount "60"]
[EventDate "2006.04.04"]
[EventRounds "11"]
[EventCountry "AUT"]

1. c4 Nf6 2. Nc3 g6 3. e4 d6 4. d4 Bg7 5. Nf3 O-O 6. Be2 e5 7. d5 Na6 8. Nd2
Ne8 9. a3 f5 10. h4 Nf6 11. b4 h6 12. Qb3 Kh8 13. Bb2 c6 14. dxc6 bxc6 15. Rd1
Nc7 16. h5 Ne6 17. Nf3 Nxh5 18. Na4 fxe4 19. Nxe5 Qg5 20. Nxg6+ Qxg6 21. Rxh5
Nf4 22. Bxg7+ Qxg7 23. Rxd6 Nxh5 24. Bxh5 Bf5 25. Rxc6 Bd7 26. Rg6 Bxa4 27.
Qxa4 Qc3+ 28. Kf1 Qd2 29. Be2 Rad8 30. g3 Rxf2+ 0-1

[Event "7th EuropCh Men"]
[Site "Kusadasi / Turkey"]
[Date "2006.04.09"]
[Round "6"]
[White "Erdogdu, Mert"]
[Black "Almond, Richard"]
[Result "0-1"]
[WhiteElo "2373"]
[BlackElo "2093"]
[PlyCount "64"]
[EventDate "2006.04.04"]
[EventRounds "11"]
[EventCountry "AUT"]

1. e4 d5 2. exd5 Qxd5 3. Nc3 Qa5 4. d4 c6 5. Nf3 Nf6 6. Ne5 Be6 7. Nc4 Bxc4 8.
Bxc4 e6 9. O-O Bd6 10. Qf3 Qc7 11. g3 Nbd7 12. Re1 O-O 13. Ne4 Be7 14. Bb3 c5
15. Bf4 Qb6 16. dxc5 Nxc5 17. Nxc5 Bxc5 18. Rad1 Rfd8 19. Kg2 a5 20. Bc1 a4 21.
Bc4 Bxf2 22. Rf1 Bc5 23. g4 Qc6 24. g5 Qxf3+ 25. Kxf3 Nd7 26. Bb5 Nb6 27. c4
Rac8 28. Ke4 Bd6 29. h3 Nxc4 30. Bxa4 Bb4 31. Rf2 Rxd1 32. Bxd1 Nd6+ 0-1

[Event "7th EuropCh Men"]
[Site "Kusadasi / Turkey"]
[Date "2006.04.09"]
[Round "6"]
[White "Ziska, Helgi Dam"]
[Black "Aleskerov, Faik"]
[Result "0-1"]
[WhiteElo "2306"]
[BlackElo "2325"]
[PlyCount "64"]
[EventDate "2006.04.04"]
[EventRounds "11"]
[EventCountry "AUT"]

1. e4 d5 2. exd5 Nf6 3. Be2 Nxd5 4. d4 g6 5. Nf3 Bg7 6. O-O O-O 7. Re1 h6 8. h3
Nb6 9. c3 Be6 10. Na3 N8d7 11. Bf4 c5 12. Qd2 Kh7 13. Rad1 cxd4 14. Nxd4 Bd5
15. c4 Bxg2 16. Kxg2 e5 17. Be3 exd4 18. Bxd4 Bxd4 19. Qxd4 Qg5+ 20. Kh1 Nc5
21. b4 Ne6 22. Qg4 Qf6 23. c5 Nd5 24. Nc2 Nc3 25. Rd7 Nxe2 26. Qxe2 Nxc5 27.
Re7 Ne6 28. Rxb7 Rac8 29. Rc1 Nd4 30. Qe4 Nxc2 31. Rxa7 Rc3 32. Rg1 Rxh3+ 0-1

[Event "7th EuropCh Men"]
[Site "Kusadasi / Turkey"]
[Date "2006.04.09"]
[Round "6"]
[White "Yagiz, Yasin Emrah"]
[Black "Soltanici, Ruslan"]
[Result "1-0"]
[WhiteElo "2279"]
[BlackElo "2323"]
[PlyCount "81"]
[EventDate "2006.04.04"]
[EventRounds "11"]
[EventCountry "AUT"]

1. Nf3 c5 2. c4 Nf6 3. g3 b6 4. Bg2 Bb7 5. O-O e6 6. Nc3 Be7 7. d4 cxd4 8. Qxd4
d6 9. Rd1 a6 10. Bg5 Nbd7 11. Nd2 Bxg2 12. Kxg2 Rc8 13. Nde4 Rc6 14. Bxf6 Nxf6
15. b3 O-O 16. Rd3 Qc7 17. Rad1 b5 18. cxb5 axb5 19. Nxb5 Qb7 20. a4 Rc2 21.
Rc3 Rxe2 22. Rc7 Qxe4+ 23. Qxe4 Nxe4 24. Rxe7 Rxf2+ 25. Kg1 Rb2 26. a5 Rxb3 27.
Nxd6 Rd8 28. Rd4 h6 29. Re8+ Rxe8 30. Nxe8 Nc5 31. Rd8 Kh7 32. Ra8 Ra3 33. Nc7
e5 34. Kf2 e4 35. a6 Ra2+ 36. Ke3 f5 37. a7 Ra3+ 38. Kd4 Nb3+ 39. Kc3 e3 40.
Nb5 Ra5 41. Re8 1-0